Đánh giá nghèo có sự tham gia của cộng đồng tại Ninh Thuận

Zapisane w:
Opis bibliograficzny
Korporacja: The World bank
Format: Książka
Język:Undetermined
Wydane: Hà Nội Lao động - Xã hội 2003
Hasła przedmiotowe:
Etykiety: Dodaj etykietę
Nie ma etykietki, Dołącz pierwszą etykiete!
Thư viện lưu trữ: Trung tâm Học liệu Trường Đại học Cần Thơ
LEADER 00539nam a2200181Ia 4500
001 CTU_68777
008 210402s9999 xx 000 0 und d
082 |a 361.959757 
082 |b W927đ 
110 |a The World bank 
245 0 |a Đánh giá nghèo có sự tham gia của cộng đồng tại Ninh Thuận 
245 4 |c The World bank 
260 |a Hà Nội 
260 |b Lao động - Xã hội 
260 |c 2003 
650 |a Poor 
910 |a Năm 
980 |a Trung tâm Học liệu Trường Đại học Cần Thơ